000
00306nam a22001097a 4500
008
260601b |||||||| |||| 00| 0 eng d
100
_a
Nagasampige, A V
245
_a
Sruti Siddhant Samgraha of Vanamali Misra
260
_a
Bangalore
_b
Poornaprajna Samshodhana Mandiram
_c
2002
300
_a
296p
942
_2
ddc
999
_c
1513
_d
1513